| 000 | 00674nam a2200217 i 4500 | ||
|---|---|---|---|
| 003 | DO-SdBNP | ||
| 005 | 20240912143016.0 | ||
| 007 | ta | ||
| 008 | 240912s2002 dr c r 000 0 spa d | ||
| 040 |
_aDO-SdBNP _bspa _cBNPHU _erda |
||
| 082 | 4 |
_bG216 _222 |
|
| 245 | 0 | 3 | _aHomenaje a Manuel A. García Arévalo / |
| 264 |
_aSanto Domingo : _bMuseo de las Casas Reales, _bFundación amigos del Museo de las Casas Reales, _c2002. |
||
| 300 |
_a31 páginas : _bretratos _c22 cm. |
||
| 336 |
_2rdacontent _atexto _btxt |
||
| 337 |
_2rdamedia _asin mediación _bn |
||
| 338 |
_2rdacarrier _avolumen _bnc |
||
| 590 | _aInventariado, 2024/ YL | ||
| 910 | _aYLockward | ||
| 942 |
_2ddc _cLF2 |
||
| 999 |
_c57676 _d57676 |
||